Joan Pau II : el Papa del coratge i de l'esperança : 12 glosses del Cardenal Narcís Jubany / introducció: J. Gabernet ; coordinació: Arxiu Diocesà de Barcelona el Papa del coratge i de l'esperança :
ISBN:
84-7200-155-5
Descripción Física:
30 p. : il. col. ; 30 cm
Otros Autores:
Gabernet, J.
Materias:
Joan Pau -- II, -- papa, -- 1920-2005
MARC
| LEADER | 00000nam a2200000Ia 4500 | ||
|---|---|---|---|
| 001 | 23045 | ||
| 003 | BGR | ||
| 005 | 20260324180128.0 | ||
| 008 | 160829s1982 xx 000 0 cat d | ||
| 020 | |a 84-7200-155-5 | ||
| 080 | |a FU-58-24 | ||
| 100 | |a Jubany, Narcís | ||
| 245 | |a Joan Pau II : |b el Papa del coratge i de l'esperança : |b 12 glosses del Cardenal Narcís Jubany / introducció: |b J. Gabernet ; coordinació: |b Arxiu Diocesà de Barcelona | ||
| 260 | |a Barcelona : |b Promotora de Artes Gráficas, |c 1982 | ||
| 300 | |a 30 p. : |b il. col. ; |c 30 cm | ||
| 590 | |a Prové de S-740, exp. 296. | ||
| 590 | |a Hi ha un altre exemplar en castellà amb R. 23046 | ||
| 600 | 0 | 0 | |a Joan Pau |b II, |c papa, |d 1920-2005 |9 55601 |
| 700 | |a Gabernet, J. |9 47199 | ||
| 710 | 2 | |a Arxiu Diocesà de Barcelona |4 coord. |9 70541 | |
| 901 | |a Arxiu | ||
| 942 | |n 1 |2 udc |c MON | ||
| 952 | |0 0 |1 0 |4 0 |6 FU5824 |7 1 |9 53744 |a Arxiu |b Arxiu |d 2016-12-01 |l 0 |o FU-58-24 |p 23045 |r 2016-12-01 00:00:00 |w 2016-12-01 |y ARXIU | ||
| 999 | |c 57610 |d 57610 | ||